The world's history / Volume 1 Prehistory to 1500 (Record no. 416)

000 -LEADER
fixed length control field 02011nam a22003857a 4500
001 - CONTROL NUMBER
control field 18087774
003 - CONTROL NUMBER IDENTIFIER
control field OSt
005 - DATE AND TIME OF LATEST TRANSACTION
control field 20210420051024.0
008 - FIXED-LENGTH DATA ELEMENTS--GENERAL INFORMATION
fixed length control field 140331s2015 mauab b 001 0 eng
010 ## - LIBRARY OF CONGRESS CONTROL NUMBER
LC control number 2014010924
020 ## - INTERNATIONAL STANDARD BOOK NUMBER
International Standard Book Number 9780205996124 (combined volume)
020 ## - INTERNATIONAL STANDARD BOOK NUMBER
International Standard Book Number 0205996124 (combined volume)
040 ## - CATALOGING SOURCE
Original cataloging agency DLC
Language of cataloging eng
Transcribing agency DLC
Description conventions rda
Modifying agency DLC
041 ## - LANGUAGE CODE
Language code of text/sound track or separate title eng
042 ## - AUTHENTICATION CODE
Authentication code pcc
050 00 - LIBRARY OF CONGRESS CALL NUMBER
Classification number D20
Item number .S77 2015
080 ## - UNIVERSAL DECIMAL CLASSIFICATION NUMBER
Universal Decimal Classification number 94
Item number S-78
082 00 - DEWEY DECIMAL CLASSIFICATION NUMBER
Classification number 909
Edition number 23
100 1# - MAIN ENTRY--PERSONAL NAME
Personal name Spodek, Howard,
Dates associated with a name 1941-
245 14 - TITLE STATEMENT
Title The world's history / Volume 1 Prehistory to 1500
Statement of responsibility, etc. Howard Spodek.
250 ## - EDITION STATEMENT
Edition statement Fifth edition.
264 #1 - PRODUCTION, PUBLICATION, DISTRIBUTION, MANUFACTURE, AND COPYRIGHT NOTICE
Place of production, publication, distribution, manufacture Boston :
Name of producer, publisher, distributor, manufacturer Pearson,
Date of production, publication, distribution, manufacture, or copyright notice 2015.
300 ## - PHYSICAL DESCRIPTION
Extent 460 p.
Other physical details illustrations, maps
Dimensions 29 cm
336 ## - CONTENT TYPE
Content type term text
Source rdacontent
337 ## - MEDIA TYPE
Media type term unmediated
Source rdamedia
338 ## - CARRIER TYPE
Carrier type term volume
Source rdacarrier
504 ## - BIBLIOGRAPHY, ETC. NOTE
Bibliography, etc. note Includes bibliographical references (pages 893-894) and index.
505 0# - FORMATTED CONTENTS NOTE
Formatted contents note The dry bones speak -- From village community to city-state -- River valley civilizations -- A polycentric world -- Dawn of the empires -- Rome and the barbarians -- China -- Indian empires -- Hinduism and Buddhism -- Judaism and Christianity -- Islam -- Establishing world trade routes -- The opening of the Atlantic and the Pacific -- The unification of world trade -- Migration -- Political revolutions in Europe and the Americas -- The Industrial Revolution -- Nationalism, imperialism, and resistance -- Methods of mass production and destruction -- World War II -- Cold war, new nations, and revolt against authority -- China and India -- Contemporary history : evolution, settlements, politics, and religion -- Contemporary history : trade, revolution, technology, identity.
650 #0 - SUBJECT ADDED ENTRY--TOPICAL TERM
Topical term or geographic name entry element World history.
653 ## - INDEX TERM--UNCONTROLLED
Uncontrolled term ისტორია
653 ## - INDEX TERM--UNCONTROLLED
Uncontrolled term მსოფლიო ისტორია
906 ## - LOCAL DATA ELEMENT F, LDF (RLIN)
a 7
b cbc
c orignew
d 1
e ecip
f 20
g y-gencatlg
942 ## - ADDED ENTRY ELEMENTS (KOHA)
Source of classification or shelving scheme
Koha item type Books
Edition 5
Holdings
Withdrawn status Lost status Source of classification or shelving scheme Damaged status Not for loan Permanent location Current location Date acquired Inventory number Total Checkouts Full call number Barcode Date last seen Price effective from Koha item type
          Ken Walker International University Ken Walker International University 11/25/2020 946   94 S-78 946 11/25/2020 11/25/2020 Books

Powered by Koha